Tabellenendstand der Bundesligasaison 2001/02 - Statistiken

Allgemein
  • Dieses Quiz wurde 47 mal gespielt
  • Das Durchschnittsergebnis liegt bei 9 aus 18
Antwortstatistiken
Platz Punkte Mannschaft % Korrekt
1 70 Dortmund
100%
2 69 Leverkusen
79%
3 68 Bayern München
74%
6 56 Bremen
61%
5 61 Schalke
58%
8 50 Stuttgart
58%
4 61 Hertha
55%
11 40 HSV
53%
17 29 Köln
50%
7 56 Kaiserslautern
47%
10 46 Wolfsburg
45%
16 30 Freiburg
42%
14 34 Rostock
39%
15 34 Nürnberg
37%
9 50 1860 München
34%
13 35 Cottbus
34%
12 39 Mönchengladbach
32%
18 22 St. Pauli
32%
Keine übereinstimmenden Quizze gefunden
Verteilung der Resultate
Anzahl Personen mit jedem Resultat
Perzentil nach korrekt beantworteten Fragen
Ihre Resultats-Entwicklung
Sie haben dieses Quiz noch nicht gespielt